DNA Methylation methods and protocols (Registro nro. 72350)

Detalles MARC
000 -ENCABEZADO
Número de control [NR] 00798nam a2200241Ia 4500
008 - DE LONGITUD FIJA DE DATOS DE ELEMENTOS - INFORMACIÓN GENERAL
Elementos de longitud fija [NR] 130821s2010 xxua gr eng
020 ## - NUMERO INTERNACIONAL NORMALIZADO PARA LIBROS [R]
Número Internacional Normalizado del libro [NR] 9781617379383
040 ## - FUENTE DE CATALOGACION [NR]
Agencia de catalogación original [NR] Co-BoUCM
Idioma de catalogación [NR] spa
041 00 - CODIGO DE IDIOMA [R]
Código de idioma para texto/pista de sonido o título separado [R] Inglés
060 ## - SIGNATURA TOPOGRAFICA DE LA BIBLIOTECA NACIONAL DE MEDICINA (NLM) [R]
Número clasificador [R] QH 506
245 00 - MENCION DE TITULO [NR]
Título [NR] DNA Methylation methods and protocols
Mención de responsabilidad, etc. [NR] Jörg Tost, editor
250 ## - MENCION DE EDICION [NR]
Mención de edición [NR] 2a ed.
260 ## - PUBLICACION, DISTRIBUCION, ETC. (PIE DE IMPRENTA) [R]
Lugar de publicación, distribución, etc. [R] Nueva York (Estados Unidos)
Nombre del editor, distribuidor, etc. [R] Humana Press
Fecha de publicación, distribución, etc. [R] 2010
300 ## - DESCRIPCION FISICA [R]
Extensión [R] xvi, 391 páginas
Otros detalles físicos [NR] ilustraciones, gráficos, cuadros
490 #0 - MENCION DE SERIE [R]
Mención de serie [R] Methods in molecular biology
504 ## - NOTA DE BIBLIOGRAFIA, ETC. [R]
Nota de bibliografía, etc. [NR]
650 04 - ASIENTO SECUNDARIO DE MATERIA - TERMINO TEMATICO [R]
Término temático o nombre geográfico como elemento de entrada [NR] Biología molecular
9 (RLIN) 10131
650 04 - ASIENTO SECUNDARIO DE MATERIA - TERMINO TEMATICO [R]
Término temático o nombre geográfico como elemento de entrada [NR] Biología
9 (RLIN) 10116
650 04 - ASIENTO SECUNDARIO DE MATERIA - TERMINO TEMATICO [R]
Término temático o nombre geográfico como elemento de entrada [NR] Citología
9 (RLIN) 10948
650 04 - ASIENTO SECUNDARIO DE MATERIA - TERMINO TEMATICO [R]
Término temático o nombre geográfico como elemento de entrada [NR] Metilación
9 (RLIN) 19415
700 1# - ASIENTO SECUNDARIO - NOMBRE PERSONAL [R]
Nombre personal [NR] Tost, Jörg
Término de relación [R]
9 (RLIN) 168194
942 ## - ELEMENTOS DE ENTRADA AGREGADOS (KOHA)
Tipo de ítem principal el descrito en 300a Libro
Tema principal Ciencias de la salud
Edición 2
Parte restante de la signatura top. D629
Sistema de clasificación NLM
Clasificación QH 506
Título oculto en OPAC No
Existencias
Fecha de último préstamo Total préstamos Total Renewals Signatura topográfica Código de barras Última vez visto Volúmen / Fascículo Ejemplar Price effective from Tipo de ítem Perdido Sistema de clasificación Dañado No prestable Tipo de ítem específico Suprimido Ubicación habitual Ubicación actual Localización Fecha de creación Forma de adquisición Costo
04/04/2022 1 2 QH 506 D629 200022934 10/12/2025 2a. Ed. Ej.2 03/02/2013 Libro   NLM     Libro   Quinta de Mutis Quinta de Mutis 1er piso 28/02/2013 Compra 218450.00
09/02/2013 2 8 QH 506 D629 200021670 10/12/2025 2a.Ed. Ej.1 03/02/2013 Libro   NLM     Libro   Quinta de Mutis Quinta de Mutis 1er piso 28/02/2013 Compra 999999.99